| 000 | 01243 a2200253 4500 | ||
|---|---|---|---|
| 001 | 2162214035926634 | ||
| 003 | UA-OsUOA | ||
| 005 | 20260330113334.0 | ||
| 008 | 260309b un ||||| |||| 00| 0dukr d | ||
| 040 |
_aUA-OsUOA _bukr _cUA-OsUOA _dUA-OsUOA |
||
| 041 | _aukr | ||
| 080 | _a929.5 | ||
| 090 |
_a929.5 _bЛ72 |
||
| 100 |
_aЛозко Г. _924342 |
||
| 245 |
_aЛозки та Гулевичі в XV–XVII ст. _cГалина Лозко |
||
| 250 | _aна правах рукопису | ||
| 260 |
_aКиїв _c1999 |
||
| 300 | _a34 с. | ||
| 520 | _aВступ. Імена, прізвища, люди - все це частина нашої історії, такої багатої на яскраві сторінки, сумні й радісні, трагічні й щасливі. Скільки життів, скільки доль промайнуло над нашою українською землею! Кожен з них щось залишав нащадкам, або не залишав нічого... | ||
| 650 |
_a929 Біографічні дослідження _91571 |
||
| 942 |
_cBK _2udc |
||
| 955 | _a4 | ||
| 999 |
_c580012 _d580012 |
||